| 000 | 01435cab a2200349 4500 | ||
|---|---|---|---|
| 001 | X3291 | ||
| 008 | 090401t1996 xxu||||| |||| 00| 0 eng d | ||
| 035 | _a(Sirsi) u29633 | ||
| 041 | _aeng | ||
| 245 | _aMaidstone BC v Mid-Kent Water plc | ||
| 260 | _c1996 | ||
| 350 | _a0 | ||
| 490 |
_aPlanning Appeal Decisions _v[1996] 11 PAD 147-151(5) |
||
| 520 | _aDecision letter 4 December 1995. Two appeals allowed: one appeal was against the failure of the Council to give notice within the prescribed period of its decsion on a outline planning application for the development of residential dwellings, vehicular and pedestrian access; the other appeal was against the refusal of the Council to permit an outline application for the construction of five homes. The land in question was near a reservoir and was unused operational land. | ||
| 650 | _aFOOTPATHS | ||
| 650 | _aLANDSCAPING | ||
| 650 | _aMAIDSTONE BC V MID-KENT WATER PLC | ||
| 650 | _aPEDESTRIAN ACCESS | ||
| 650 | _aPLANNING AND COMPENSATION ACT 1991 | ||
| 650 | _aPLANNING POLICY GUIDANCE NOTE 13 | ||
| 650 | _aPPG24 | ||
| 650 | _aPPG3 | ||
| 650 | _aPPG9 | ||
| 650 | _aRESERVOIRS | ||
| 650 | _aRESIDENTIAL DEVELOPMENT | ||
| 650 | _aTOWN AND COUNTRY PLANNING ACT 1990 S54A | ||
| 650 | _aTOWN AND COUNTRY PLANNING ACT 1990 S78 | ||
| 650 | _aVEHICULAR ACCESS | ||
| 690 | _aPLANNING LAW AND PRACTICE-CASE LAW | ||
| 942 | _n0 | ||
| 948 | _c04/03/1997 | ||
| 999 |
_c19938 _d19938 |
||